<?xml version="1.0" encoding="UTF-8"?>
<record
    xmlns:xsi="http://www.w3.org/2001/XMLSchema-instance"
    xsi:schemaLocation="http://www.loc.gov/MARC21/slim http://www.loc.gov/standards/marcxml/schema/MARC21slim.xsd"
    xmlns="http://www.loc.gov/MARC21/slim">

  <leader>006970000a22001570004500</leader>
  <datafield tag="090" ind1=" " ind2=" ">
    <subfield code="a">T R3134h</subfield>
  </datafield>
  <datafield tag="100" ind1="1" ind2=" ">
    <subfield code="a">Restrepo Amariles, Edisson Hern&#xE1;n</subfield>
  </datafield>
  <datafield tag="245" ind1="1" ind2="0">
    <subfield code="a">Hacia una educaci&#xF3;n cristiana para la ni&#xF1;ez de Medell&#xED;n en un contexto de violencia / Edisson Hern&#xE1;n Restrepo Amariles</subfield>
  </datafield>
  <datafield tag="260" ind1=" " ind2=" ">
    <subfield code="a">Medell&#xED;n, Colombia</subfield>
  </datafield>
  <datafield tag="300" ind1=" " ind2=" ">
    <subfield code="a">63 Pag</subfield>
  </datafield>
  <datafield tag="500" ind1=" " ind2=" ">
    <subfield code="a">Tesis (licenciatura)--Seminario B&#xED;blico de Colombia</subfield>
  </datafield>
  <datafield tag="502" ind1=" " ind2=" ">
    <subfield code="a">Presidente del jurado: Hugo V&#xE9;lez; Jurado: Gerardo van Ek; Jurado: Gustavo Alv&#xE1;rez</subfield>
  </datafield>
  <datafield tag="520" ind1=" " ind2=" ">
    <subfield code="a">- Rese&#xF1;a historica del problema - Descripci&#xF3;n del problema - Como puede la iglesia evangelizadora llegar ayudar a la ni&#xF1;ez que sufre violencia</subfield>
  </datafield>
  <controlfield tag="001">4187</controlfield>
  <datafield tag="942" ind1=" " ind2=" ">
    <subfield code="c">BK</subfield>
  </datafield>
  <datafield tag="952" ind1=" " ind2=" ">
    <subfield code="0">0</subfield>
    <subfield code="1">0</subfield>
    <subfield code="4">0</subfield>
    <subfield code="7">0</subfield>
    <subfield code="8">TG</subfield>
    <subfield code="a">FUSBC</subfield>
    <subfield code="b">FUSBC</subfield>
    <subfield code="d">2004-12-06</subfield>
    <subfield code="l">0</subfield>
    <subfield code="o"> T R3134h</subfield>
    <subfield code="p">11366</subfield>
    <subfield code="r">2019-12-12 00:00:00</subfield>
    <subfield code="t">1</subfield>
    <subfield code="w">2016-01-26</subfield>
    <subfield code="y">TG</subfield>
    <subfield code="B">0</subfield>
    <subfield code="C">3</subfield>
  </datafield>
  <datafield tag="999" ind1=" " ind2=" ">
    <subfield code="c">34799</subfield>
    <subfield code="d">34799</subfield>
  </datafield>
</record>
